Разработка генератора-калибратора переменного напряжения: Отчет о НИР; Тема: х/д № 50/71

Bibliographische Detailangaben
Körperschaft: Томский политехнический институт (ТПИ) (595)
Weitere Verfasser: Ройтман М. С. Марсель Самуилович (руководитель), Латонов Ю. И. (исполнитель)
Sprache:Russisch
Veröffentlicht: Томск, 1971
Schlagworte:
Format: MixedMaterials Buch
KOHA link:https://koha.lib.tpu.ru/cgi-bin/koha/opac-detail.pl?biblionumber=168843

MARC

LEADER 00000nbm0a2200000 4500
001 168843
005 20231031163234.0
035 |a (RuTPU)RU\TPU\book\183163 
090 |a 168843 
100 |a 20091102d1971 k y0rusy50 ca 
101 0 |a rus 
102 |a RU 
105 |a a p 001zy 
200 1 |a Разработка генератора-калибратора переменного напряжения  |e Отчет о НИР  |e Тема: х/д № 50/71  |f Томский политехнический институт (ТПИ) ; руководитель М. С. Ройтман ; Ю. И. Латонов 
210 |a Томск  |d 1971 
215 |a 36 л.  |c ил., карты 
610 1 |a отчеты о НИР 
610 1 |a генераторы-калибраторы 
610 1 |a переменное напряжение 
610 1 |a техническое описание 
610 1 |a инструкции 
610 1 |a эксплуатация 
610 1 |a поверка 
675 |a 681.2(04)  |v 3 
675 |a 621.317.725(04)  |v 3 
702 1 |a Ройтман  |b М. С.  |c российский ученый  |c радиотехник  |c Заслуженный профессор Томского политехнического университета  |f 1933-  |g Марсель Самуилович  |2 stltpush  |3 (RuTPU)RU\TPU\pers\19859  |4 673 
702 1 |a Латонов  |b Ю. И.  |4 677 
712 0 2 |a Томский политехнический институт (ТПИ)  |c (1944-1991)  |2 stltpush  |3 (RuTPU)RU\TPU\col\1123  |4 595 
801 1 |a RU  |b 63413507  |c 20091102 
942 |c BK